| 000 | 01579cam a2200361 a 4500 | ||
|---|---|---|---|
| 001 | 15719615 | ||
| 005 | 20091117142250.0 | ||
| 008 | 090430s2007 txua | b 001 0 eng d | ||
| 010 | _a 2009277935 | ||
| 020 | _a9781597180238 (pbk.) | ||
| 020 | _a1597180238 (pbk.) | ||
| 035 | _a(OCoLC)ocn156570999 | ||
| 040 |
_aMYG _cMYG _dNLGGC _dMUQ _dDRB _dDLC |
||
| 042 | _alccopycat | ||
| 050 | 0 | 0 |
_aHA32 _b.S676 2007 |
| 082 | 0 | 0 |
_a001.4226 _222 _bSTA |
| 245 | 0 | 0 |
_aStata User's Guide : _brelease 10. |
| 246 | 1 | 4 |
_aStata release 10 : _buser's guide |
| 246 | 1 | 8 | _aStata 10 user's guide |
| 260 |
_aCollege Station, Tex. : _bStataCorp LP, _cc2007. |
||
| 300 |
_aix, 356 p. : _bill. ; _c24 cm. |
||
| 500 | _aDonation | ||
| 504 | _aIncludes bibliographical references and index. | ||
| 630 | 0 | 0 |
_aStata _vHandbooks, manuals, etc. _99818 |
| 650 | 0 |
_aStatistics _xComputer programs _vHandbooks, manuals, etc. _99819 |
|
| 650 | 0 |
_aStatistics _xGraphic methods _xComputer programs _vHandbooks, manuals, etc. _99820 |
|
| 650 | 0 |
_aSocial sciences _xStatistical methods _xComputer programs _vHandbooks, manuals, etc. _99821 |
|
| 650 | 0 |
_aSocial sciences _xStatistics _xGraphic methods _xComputer programs _vHandbooks, manuals, etc. _99822 |
|
| 710 | 2 |
_aStataCorp LP. _99823 |
|
| 942 |
_2ddc _cBB |
||
| 999 |
_c13020 _d13020 |
||